Matemáticas 2 (Record no. 211313)
[ view plain ]
| 000 -CABECERA | |
|---|---|
| campo de control de longitud fija | 00710nam a2200229 a 4500 |
| 005 - FECHA Y HORA DE LA ÚLTIMA TRANSACCIÓN | |
| campo de control | 20240808154718.0 |
| 008 - DATOS DE LONGITUD FIJA--INFORMACIÓN GENERAL | |
| campo de control de longitud fija | 240617t2010 mx a||||r|||| 000 0 spa d |
| 020 ## - NÚMERO INTERNACIONAL NORMALIZADO PARA LIBROS | |
| Número Internacional Normalizado del libro | 9786074981216 |
| 040 ## - FUENTE DE CATALOGACIÓN | |
| Agencia de catalogación original | MX-MxUPN |
| Idioma de catalogación | spa |
| Agencia que realiza la transcripción | MX-MxUPN |
| 041 0# - | |
| -- | spa |
| 050 14 - | |
| -- | QA135.6 |
| -- | N38 2010 |
| 100 1# - | |
| -- | Navarro Robles, Maria Estela |
| -- | 52644 |
| 100 1# - | |
| -- | Preciado Babb, Armando Paulino |
| -- | 52645 |
| 245 ## - MENCIÓN DE TÍTULO | |
| Título | Matemáticas 2 |
| 260 ## - PUBLICACION, DISTRIBUCION, ETC. (PIE DE IMPRENTA) | |
| Lugar de publicación, distribución, etc. | México : |
| Nombre del editor, distribuidor, etc. | Fernández Editores, |
| Fecha de publicación, distribución, etc. | ©2010. |
| 300 ## - DESCRIPCIÓN FÍSICA | |
| Extensión | 264 páginas : |
| Otros detalles físicos | ilustraciones |
| 650 #4 - | |
| -- | Matemáticas |
| -- | Estudio y enseñanza (Media superior) |
| -- | 6221 |
| 902 ## - ELEMENTOS DE DATOS B LOCAL, LDB (RLIN) | |
| Creó | MarielOrtiz/170624 |
| Modificó | Víctor Ruiz/080824 |
| 942 ## - ELEMENTOS DE PUNTO DE ACCESO ADICIONAL (KOHA) | |
| Fuente del sistema de clasificación o colocación | Library of Congress Classification |
| Tipo de ítem Koha | Libro |
| Estado de retiro | Estado de pérdida | Fuente del sistema de clasificación o colocación | Estado dañado | No para préstamo | Código de colección | Localización permanente | Ubicación/localización actual | Ubicación en estantería | Fecha de adquisición | Signatura topográfica completa | Código de barras | Fecha visto por última vez | Precio válido a partir de | Tipo de ítem Koha |
|---|---|---|---|---|---|---|---|---|---|---|---|---|---|---|
| Library of Congress Classification | Disponible (Préstamo en sala) | Libros de texto | Bib. Gregorio Torres Quintero | Bib. Gregorio Torres Quintero | Colecciones especiales Planta alta | 17/06/2024 | QA135.6 N38 2010 | 339298 | 17/06/2024 | 17/06/2024 | Libro |
